| 000 | 01091nam a22002055i 4500 | ||
|---|---|---|---|
| 001 | 163517 | ||
| 003 | ES-MaACL | ||
| 005 | 20251012063055.0 | ||
| 008 | 000214s1863 sp |||| | spa d | ||
| 040 |
_aCAM _bspa _cCAM |
||
| 100 | 1 |
_aRico y Amat, Juan, _d1821-1870 _9131803 |
|
| 245 | 1 | 3 |
_aEl mundo por dentro _b: comedia en tres actos y en verso / _coriginal de Juan Rico y Amat. |
| 260 |
_aMadrid : _b[s.n.], _c1863 ( _fimprenta de José Rodriguez) |
||
| 300 |
_a117 p. ; _c18 cm. |
||
| 500 | _aEn port.: Representada por primera vez en el Teatro del Príncipe el día 9 de noviembre de 1863. | ||
| 500 | _aEn verso de la port. consta: "... Galeria dramática y lírica titulada El Teatro ..." | ||
| 852 |
_aES-MaACL _jF-8565(1) _z-- Enc. pasta española _z-- Enc. en un vol. facticio formando parte de la col. facticia "Teatro español moderno", vol. 18 |
||
| 852 |
_aES-MaACL _jF-8565(3) _z.- Enc. pasta española _q.- Falto de la cub. original _z.- Enc. en un vol. facticio formando parte de la col. facticia "Teatro español moderno", vol. 18 |
||
| 999 |
_c163517 _d163517 |
||